| 000 | 02189cam a22004814i 4500 | ||
|---|---|---|---|
| 003 | PE-LiUPU | ||
| 005 | 20250807094252.0 | ||
| 008 | 150706s2009 tnua rb 000 0 spa d | ||
| 020 | _a9781602550162 | ||
| 035 | _a(Sirsi) i9781602550162 | ||
| 040 |
_aPE-LiUPU _bspa _cPE-LiUPU _erda |
||
| 049 | _aPRUA | ||
| 082 | 0 | 4 |
_a133.4 _bM383o _221 |
| 100 | 1 |
_aMartin, Wlater, _eautor. |
|
| 245 | 1 | 3 |
_aEl ocultismo y su reino / _cWalter Martin, Jill Martin Rische y Kurt Van Gorden. |
| 264 | 1 |
_aNashville : _bGrupo Nelson, _c2009. |
|
| 300 |
_a699 páginas : _bilustraciones ; _c24 centímetros |
||
| 336 |
_atext _2rdacontent |
||
| 337 |
_aunmediated _2rdamedia |
||
| 338 |
_avolume _2rdacarrier |
||
| 504 | _aIncluye bibliografía. | ||
| 505 | 0 | _aEl ocultismo y su reino -- La revolución ocultista -- Doctrina de demonios -- Paganismo antiguo -- La cábala -- El misticismo oriental y la nueva era -- Fenómenos psíquicos o parapsicológicos -- Astrología -- Herramientas del ocultismo -- Ovnis -- Satanismo -- La adoración a la diosa, la brujería y la Wicca -- Religiones tradicionales -- Posesión demoníaca y exorcismo -- El Jesús del ocultismo -- Guerra espiritual -- La orientación cristiana y el ocultismo -- Evangelismo: cómo alcanzar los corazones -- Preguntas y respuestas sobre el ocultismo -- Hoja de evaluación para asesoramiento. | |
| 526 | _aSEG42 | ||
| 526 | _aSEG41 | ||
| 526 | _aSEG40 | ||
| 526 | _aSEG39 | ||
| 526 | _aP94 | ||
| 526 | _aP87 | ||
| 526 | _aP86 | ||
| 526 | _aP85 | ||
| 526 | _aP77 | ||
| 526 | _aP76 | ||
| 526 | _aP35 | ||
| 650 | 1 | 4 |
_aOcultismo _xAspectos religiosos. _96431 |
| 650 | 2 | 4 |
_aEspiritismo _xCrítica e interpretación cristiana. _96432 |
| 650 | 2 | 0 |
_aNueva Era (Movimiento religioso) _xCrítica e interpretación cristiana. _96433 |
| 700 | 1 |
_aMartin Rische, Jill, _ecoautor. |
|
| 700 | 1 |
_aVan Gorden, Kurt, _ecoautor. |
|
| 942 |
_2ddc _cBK |
||
| 949 |
_wDEWEY _c1 _i63234 _lCCODEBUL1 _mBUL _p31.00 _r0 _sY _tBOOK _u2015-7-6 _xTEOLOGIA _o.STAFF. Colección General |
||
| 980 |
_818226 _gJaime Vilcazán Jefe de Análisis Documental |
||
| 999 |
_c52235 _d52235 |
||